Countries with the Same First and Last Letter - Statistics

General Stats
  • This quiz has been taken 59 times
  • The average score is 11 of 14
Answer Stats
Answer % Correct
Armenia
92%
Albania
87%
Argentina
85%
Australia
85%
Algeria
83%
Austria
83%
Angola
81%
Andorra
79%
Seychelles
79%
Saint Kitts and Nevis
75%
Antigua and Barbuda
67%
Saint Vincent and the Grenadines
67%
Solomon Islands
65%
Central African Republic
52%
No matching quizzes found
Score Distribution
Percent of People with Each Score
Percentile by Number Answered
Your Score History
You have not taken this quiz